| 000 | 00788nam a2200241 a 4500 | ||
|---|---|---|---|
| 001 | 000037709 | ||
| 003 | DO-SdBNP | ||
| 005 | 20210927134240.0 | ||
| 007 | ta | ||
| 008 | 121115s2012 dr a 000 0 spa d | ||
| 020 | _a9789945408638 | ||
| 040 |
_aDO-SdBNP _bspa _cBNPHU |
||
| 082 | 4 |
_222 _bM763v |
|
| 100 | 1 |
_aMontalvo Batista, Miguel A. _964168 _d1950- |
|
| 245 | 1 | 0 |
_a¡Voy a ser madre !: _bel libro del embarazo / _cMiguel A. Montalvo Batista; Luis Rojas Grullón, pról. |
| 260 |
_aSanto Domingo : _bArgos, _bBúho, _c2012. |
||
| 300 |
_a276 p., [6]: _bil. ; _c23 cm. |
||
| 500 | _aIncluye biografía del autor en la cubierta. | ||
| 504 | _aBibliografía: p. [277- 279] | ||
| 590 | _aInventariado 2021 / MF | ||
| 700 | 1 | 2 |
_a Rojas Grullón, Luis _epról. _980021 |
| 942 |
_2ddc _cLBS1 |
||
| 999 |
_c37199 _d37199 |
||